|
|
|
|
| LEADER |
01221nam a2200253 i 4500 |
| 001 |
c000250853 |
| 003 |
CARM |
| 005 |
00000000000000.0 |
| 008 |
840313s1965 xx 0 eng d |
| 019 |
1 |
|
|a 9704563
|z 28286824
|5 LACONCORD2021
|
| 035 |
|
|
|a (OCoLC)181732
|5 LACONCORD2021
|
| 082 |
0 |
4 |
|a 372.413
|
| 245 |
0 |
0 |
|a Understanding and helping the retarded reader [proceedings] /
|c Edited by Ruth Strang.
|
| 260 |
|
|
|a Tuscon :
|b University of Arizona Press ,
|c [1965].
|
| 300 |
|
|
|a 118 p.
|
| 500 |
|
|
|a Conference held in 1962 and sponsored by the Reading Development Centre of the College of Education, University of Arizona, and the Arizona Intermediate Reading Council of the International Reading Association.
|
| 500 |
|
|
|a Bibliography: p.114-118.
|
| 650 |
|
0 |
|a Reading disability.
|
| 700 |
1 |
|
|a Strang, Ruth May,
|d 1895-1971.
|
| 710 |
2 |
|
|a University of Arizona.
|b Reading Development Center.
|
| 710 |
2 |
|
|a International Reading Association.
|b Arizona Intermediate Reading Council.
|
| 852 |
8 |
|
|b CARM
|h A1:AP04B0
|i B07227
|p 0370244
|f BK
|
| 999 |
f |
f |
|i c24dc542-2ae2-52ff-b18b-5223b059e49e
|s 4c84b035-936c-5c4c-bcc3-79485af2902a
|
| 952 |
f |
f |
|p Can circulate
|a CAVAL
|b CAVAL
|c CAVAL
|d CARM 1 Store
|e B07227
|f A1:AP04B0
|h Other scheme
|i book
|m 0370244
|